Tableau des particules élémentaires - Statistiques

Statistiques générales
  • Ce quiz a été pris 44 fois
  • Le résultat moyen est 10 sur 18
Réponses sur la Carte
Les réponses sont colorées sur une échelle allant du rouge au vert en fonction du pourcentage des utilisateurs qui les ont devinées à leur premier essai. Vous pouvez retrouver ces pourcentages ci-dessous.
 
Statistiques - réponses
Catégorie Particule % Correct
Leptons Électron
95%
Bosons Boson de Higgs
86%
Quarks Down
77%
Quarks Up
77%
Bosons Photon
73%
Bosons Gluon
64%
Quarks Bottom
59%
Quarks Charm
59%
Bosons (hypothétique) Graviton
59%
Quarks Top
55%
Leptons Muon
50%
Leptons Tau
50%
Quarks Strange
45%
Leptons Neutrino électronique
36%
Leptons Neutrino tauique
36%
Leptons Neutrino muonique
27%
Bosons Boson W±
23%
Bosons Boson Z0
23%
Aucun quiz correspondant
Distribution des résultats
% des personnes avec chaque résultat
Percentile par nombre de réponses
Votre historique - résultats
Vous n’avez pas pris ce quiz